00502nam a22001697a 450000500170000001000150001702000260003203500140005803700090007208200130008124500640009425000060015826000490016427000730021330000210028670000250030720240829163741.0 aENG-141537 a9788194992820c795.00 aEN-125069 bDBAD 21a158.1 aPower Of Positive Thinking /c edited by Roopmati Khandekar a1 aNew DelhibLenin Media Private Limitedc2021 a204,2nd Floor ,Durga Complex ,CSC.Mayur Vihar-IIIbNew Delhie110092 a162p.:c22cm(hb) akhandekar , Roopmati